Deutsche Nummer-1-Hits mit C - Statistiken

Allgemein
  • Dieses Quiz wurde 54 mal gespielt
  • Das Durchschnittsergebnis liegt bei 4 aus 13
Antwortstatistiken
Jahr Textzeile Titel % Korrekt
2015 Oh, I think that I found myself a _________, she is always right there when I need her Cheerleader
69%
2016 I got this feeling inside my bones, it goes electric, wavy when I turn it on Can’t Stop the Feeling
50%
1983 Und ich düse, düse, düse, düse im Sauseschritt und bring die Liebe mit Codo
38%
1994 If it hadn't been for ____ __ __, I'd been married a long time ago Cotton Eye Joe
33%
2001 I just ___ __ __ __ __ __ ___ boy, your lovin' is all I think about Can’t Get You Out of My Head
31%
1971 Ho chi ka ka ho, __-__, Ho chi ka ka ho, __-__ Co-Co
31%
1969 Hair down to his knee, got to be a joker he just do what he please Come Together
25%
1983 Why don't you come back? Please hurry! ___ ___ __ ___ for good this time Come Back and Stay
23%
1973 Put your man in the can honey, get him while you can, __ __ __ Can the Can
19%
2004 Just ___ ___ ____ ____, baby, 'til I have you by my side, baby Can’t Wait Until Tonight
19%
1985 Like there's no tomorrow, take my heart, don't lose it, listen to your heart Cheri Cheri Lady
17%
1995 In noreni per ipe, in noreni cora, tira mine per ito ne domina Conquest of Paradise
17%
2004 ___ __ __, I'm the same boy I used to be Call On Me
10%
Keine übereinstimmenden Quizze gefunden
Verteilung der Resultate
Anzahl Personen mit jedem Resultat
Perzentil nach korrekt beantworteten Fragen
Ihre Resultats-Entwicklung
Sie haben dieses Quiz noch nicht gespielt